| 000 | 01208nam a2200289 a 4500 | ||
|---|---|---|---|
| 003 | CO-ViMGA | ||
| 005 | 20230915234537.0 | ||
| 008 | 101123s2010 sck jr 0001fdspa d | ||
| 020 | _a9789585758018 | ||
| 040 |
_aCO-ViMGA _bspa _cCO-ViMGA |
||
| 041 | 1 | _heng | |
| 043 | _an-us--- | ||
| 082 | 0 | 4 |
_a813.5 _bK17o3 |
| 100 | 1 |
_aKate, Lauren. _99453 |
|
| 245 | 1 | 0 |
_aOscuros : _cLauren Kate ; traducción de Rosa Pérez. _bLa primera maldición / |
| 260 | 3 |
_aBogotá : _bMontena, _c2010. |
|
| 300 |
_a412 p. ; _c22 cm. |
||
| 490 | 1 | _aEllas | |
| 520 | _aHelston, Inglaterra, 1854. Es noche cerrada y dos jóvenes conversan en una remota casa de campo. Se sienten irresistiblemente atraídos el uno por el otro, pero él insiste en que no pueden estar juntos. Ella desatiende sus advertencias y se acerca a él, con paso lento y desafiante. Cuando se besan, una furiosa llamarada lo inunda todo ... | ||
| 534 |
_pTítulo original : _tFallen. |
||
| 650 | 1 | 4 |
_aAngeles _v Novela juvenil. _99454 |
| 650 | 1 | 4 |
_aBien y mal en la literatura juvenil. _99455 |
| 650 | 1 | 4 |
_aNovela juvenil estadounidense. _91575 |
| 650 | 1 | 4 |
_aAmor _v Novela juvenil. _92245 |
| 700 | 1 |
_aPérez, Rosa, _etr. _99458 |
|
| 942 |
_2ddc _cBK |
||
| 999 |
_c11784 _d11784 |
||